LEADER 01303nam0 2200361 450 001 000020900 005 20170314114052.0 010 $a88-06-17964-0 100 $a20080129d2006----km-y0itaa50------ba 101 1 $aita 102 $aIT 200 1 $aAtlantide$ebreve storia di un mito$fPierre Vidal-Naquet$gtraduzione di Riccardo Di Donato 210 $aTorino$c Einaudi$dc2006 215 $aXXVII, 141 p., [4] c. di tav.$cill.$d22 cm 225 2 $aSaggi$v808 300 $aTit. orig.: L'Atlantide 410 1$12001$aSaggi$v880 606 1 $aAtlantide 676 $a398.4$v(21. ed.)$9Fenomeni paranaturali e leggendari come soggetti di folclore 700 1$aVidal-Naquet,$bPierre$025203 702 1$aDi Donato,$bRiccardo 801 0$aIT$bUniversità della Basilicata - B.I.A.$gRICA$2unimarc 912 $a000020900 996 $aAtlantide$9949909 997 $aUNIBAS BAS $aLETTERE CAT $aSTD059$b01$c20080129$lBAS01$h1046 CAT $aTTM$b30$c20080131$lBAS01$h0909 CAT $aTTM$b30$c20080312$lBAS01$h1038 CAT $aBATCH-UPD$b30$c20141215$lBAS01$h1720 CAT $aATR$b40$c20170314$lBAS01$h1140 FMT Z30 -1$lBAS01$LBAS01$mBOOK$1BASA1$APolo Storico-Umanistico$2DSLF$BCollezione DiSLF$3DF/7152$67152$5F7152$820080129$f04$FPrestabile Didattica LEADER 02229oam 2200457 a 450 001 9910698835103321 005 20090526083255.0 035 $a(CKB)5470000002397516 035 $a(OCoLC)312713831 035 $a(EXLCZ)995470000002397516 100 $a20090306d2009 ua 0 101 0 $aeng 135 $aurmn||||||||| 181 $ctxt$2rdacontent 182 $cc$2rdamedia 183 $acr$2rdacarrier 200 10$aEnvironmental Protection Agency$b[electronic resource] $emajor management challenges : report to the Subcommittee on Interior, Environment and Related Agencies, Committee on Appropriations, House of Representatives /$fUnited States Government Accountability Office 210 1$a[Washington, D.C.] :$cU.S. Govt. Accountability Office,$d[2009] 215 $ai, 28 pages $cdigital, PDF file 300 $aTitle from title screen (viewed on Mar. 3, 2009). 300 $a"March 2009." 300 $a"GAO-09-434." 320 $aIncludes bibliographical references. 330 $aGAO was asked to identify challenges at EPA that hinder its ability to implement its programs effectively, based on prior GAO work. These challenges include (1) improving agencywide management, (2) transforming EPA s processes for assessing and controlling toxic chemicals, (3) improving implementation of the Clean Air Act, (4) reducing pollution in the nation s waters, (5) speeding the pace of cleanup at Superfund and other hazardous waste sites, and other hazardous waste sites, and change issues. 517 $aEnvironmental Protection Agency 606 $aEnvironmental policy$zUnited States$xEvaluation 606 $aEnvironmental protection$zUnited States 606 $aEnvironmental management$zUnited States 615 0$aEnvironmental policy$xEvaluation. 615 0$aEnvironmental protection 615 0$aEnvironmental management 712 02$aUnited States.$bCongress.$bHouse.$bCommittee on Appropriations.$bSubcommittee on Interior, Environment, and Related Agencies. 801 0$bEJB 801 1$bEJB 801 2$bEJB 801 2$bESR 801 2$bGPO 906 $aBOOK 912 $a9910698835103321 996 $aEnvironmental Protection Agency$93422733 997 $aUNINA LEADER 01764oam 2200457M 450 001 9910716333403321 005 20200213070619.6 035 $a(CKB)5470000002520803 035 $a(OCoLC)1065986229 035 $a(OCoLC)995470000002520803 035 $a(EXLCZ)995470000002520803 100 $a20071213d1926 ua 0 101 0 $aeng 135 $aurcn||||||||| 181 $ctxt$2rdacontent 182 $cc$2rdamedia 183 $acr$2rdacarrier 200 10$aRevising the boundary of Mount Rainier National Park, Wash. May 10 (calendar day, May 12), 1926. -- Ordered to be printed 210 1$a[Washington, D.C.] :$c[U.S. Government Printing Office],$d1926. 215 $a1 online resource (2 pages) 225 1 $aSenate report / 69th Congress, 1st session. Senate ;$vno. 811 225 1 $a[United States congressional serial set ] ;$v[serial no. 8526] 300 $aBatch processed record: Metadata reviewed, not verified. Some fields updated by batch processes. 300 $aFDLP item number not assigned. 517 $aRevising the boundary of Mount Rainier National Park, Wash. May 10 606 $aBoundaries 606 $aLegislative amendments 606 $aNational parks and reserves 608 $aLegislative materials.$2lcgft 615 0$aBoundaries. 615 0$aLegislative amendments. 615 0$aNational parks and reserves. 701 $aDill$b Clarence C$g(Clarence Cleveland),$f1884-1978$pDemocrat (WA)$01388388 801 0$bWYU 801 1$bWYU 801 2$bOCLCO 801 2$bOCLCQ 906 $aBOOK 912 $a9910716333403321 996 $aRevising the boundary of Mount Rainier National Park, Wash. May 10 (calendar day, May 12), 1926. -- Ordered to be printed$93471303 997 $aUNINA